|
|
|
|
| LEADER |
00932nam a2200229 a 4500 |
| 001 |
6071069 |
| 008 |
090715m20041953nyu 000 1 eng d |
| 010 |
|
|
|z 53011280
|
| 020 |
|
|
|a 0007181701
|
| 040 |
|
|
|a RCL
|c RCL
|d m.c.
|d OCL
|d CEO
|
| 082 |
0 |
0 |
|a 813/.54
|2 22
|
| 100 |
1 |
|
|a Bradbury, Ray,
|d 1920-
|
| 245 |
1 |
0 |
|a Fahrenheit 451 /
|c Ray Bradbury.
|
| 260 |
|
|
|a New York :
|b Ballantine Books ;
|b Harper Collins Publishers,
|c c1953, 1979 printing.
|
| 300 |
|
|
|a 184 p. ;
|c 18 cm.
|
| 490 |
0 |
|
|a A Del Rey book.
|
| 500 |
|
|
|a "Fahrenheit 451--the temperature at which book paper catches fire, and burns..."
|
| 541 |
1 |
|
|e 0012387
|
| 650 |
|
0 |
|a Science fiction, American.
|
| 852 |
4 |
|
|a Ayesha Abed Library
|j General Shelf.
|
| 999 |
|
|
|c 2470
|d 2470
|
| 952 |
|
|
|0 0
|1 0
|2 ddc
|4 1
|6 813_540000000000000_BRA
|7 0
|9 2286
|a BRACUL
|b BRACUL
|c SPS
|d 2009-07-16
|g 0.00
|l 4
|m 39
|o 813.54 BRA
|p 3010012387
|r 2018-10-14
|s 2018-09-04
|t 1
|w 2009-07-16
|y BK
|x No price found in the accession register.
|